Govt. of
Madhya Pradesh

Normal view MARC view

Entry Personal Name

Number of records used in: 2

001 - CONTROL NUMBER

  • control field: 61186

003 - CONTROL NUMBER IDENTIFIER

  • control field: OSt

005 - DATE AND TIME OF LATEST TRANSACTION

  • control field: 20160601121536.0

008 - FIXED-LENGTH DATA ELEMENTS

  • fixed length control field: 160601|| aca||aabn | a|a d

040 ## - CATALOGING SOURCE

  • Original cataloging agency: OSt
  • Transcribing agency: OSt

100 ## - HEADING--PERSONAL NAME

  • Personal name: धस्‍माना, मंगतराम

670 ## - SOURCE DATA FOUND

  • Source citation: Work cat.: (OSt)21887: धस्‍माना, मंगतराम, दिल्‍ली के पर्यटन स्‍थल, 2008